Naqḍ kitāb Fī al-shiʻr al-Jāhilī / (Record no. 50329)
[ view plain ]
| 000 -LEADER | |
|---|---|
| fixed length control field | 00738cam a22002171a 4500 |
| 001 - CONTROL NUMBER | |
| control field | ne 68001568 |
| 003 - CONTROL NUMBER IDENTIFIER | |
| control field | DLC |
| 005 - DATE AND TIME OF LATEST TRANSACTION | |
| control field | 20260227111841.0 |
| 008 - FIXED-LENGTH DATA ELEMENTS--GENERAL INFORMATION | |
| fixed length control field | 870420s1926 ua b 000 0 arar |
| 010 ## - LIBRARY OF CONGRESS CONTROL NUMBER | |
| LC control number | ne 68001568 |
| 035 ## - SYSTEM CONTROL NUMBER | |
| System control number | (OCoLC)15554588 |
| 040 ## - CATALOGING SOURCE | |
| Original cataloging agency | DLC |
| Transcribing agency | InU |
| Modifying agency | InU |
| -- | DLC |
| 042 ## - AUTHENTICATION CODE | |
| Authentication code | premarc |
| 050 00 - LIBRARY OF CONGRESS CALL NUMBER | |
| Classification number | PJ7543.T33 |
| Item number | H8 |
| 100 1# - MAIN ENTRY--PERSONAL NAME | |
| Personal name | Ḥusayn, Muḥammad al-Khiḍr. |
| 245 10 - TITLE STATEMENT | |
| Title | Naqḍ kitāb Fī al-shiʻr al-Jāhilī / |
| Statement of responsibility, etc. | taʼlīf Muḥammad al-Khiḍr Ḥusayn. |
| 260 ## - PUBLICATION, DISTRIBUTION, ETC. | |
| Place of publication, distribution, etc. | al-Qāhirah : |
| Name of publisher, distributor, etc. | al-Maṭbaʻah al-Salafīyah wa-Maktabatuhā, |
| Date of publication, distribution, etc. | 1345 [1926 or 7] |
| 300 ## - PHYSICAL DESCRIPTION | |
| Extent | 7, 362 p. ; |
| Dimensions | 25 cm. |
| 504 ## - BIBLIOGRAPHY, ETC. NOTE | |
| Bibliography, etc. note | Includes bibliographical references. |
| 600 10 - SUBJECT ADDED ENTRY--PERSONAL NAME | |
| Personal name | Ḥusayn, Ṭāhā, |
| Dates associated with a name | 1889-1973. |
| Title of a work | Fī al-shiʻr al-Jāhilī. |
No items available.